ՀՀ Գիտությունների ազգային ակադեմիայի հիմնարար գիտական գրադարան  =   Fundamental Scientific Library of NAS RA

Плетизмография (методы и применение в экспериментальных и клинических исследованиях / (Record no. 459505)

MARC details
000 -LEADER
fixed length control field 01089nam a2200217 a 4500
001 - CONTROL NUMBER
control field 000738192
003 - CONTROL NUMBER IDENTIFIER
control field AM-YEHGA
005 - DATE AND TIME OF LATEST TRANSACTION
control field 20250617160734.0
008 - FIXED-LENGTH DATA ELEMENTS--GENERAL INFORMATION
fixed length control field 100524s1961 ru |||||r|||||000|0|rus|d
040 ## - CATALOGING SOURCE
Original cataloging agency AM-YeHGA
041 0# - LANGUAGE CODE
Language code of text/sound track or separate title rus
090 ## - LOCALLY ASSIGNED LC-TYPE CALL NUMBER (OCLC); LOCAL CALL NUMBER (RLIN)
-- 462576
100 1# - MAIN ENTRY--PERSONAL NAME
Personal name Орлов, Владимир Владимирович
245 10 - TITLE STATEMENT
Title Плетизмография (методы и применение в экспериментальных и клинических исследованиях /
Statement of responsibility, etc. В.В. Орлов ; Отв. ред. Г.П. Конради ; Институт физиологии им. И.П. Павлова АН СССР.
260 ## - PUBLICATION, DISTRIBUTION, ETC.
Place of publication, distribution, etc. Москва,
-- Ленинград :
Name of publisher, distributor, etc. Изд-во АН СССР,
Date of publication, distribution, etc. 1961.
300 ## - PHYSICAL DESCRIPTION
Extent 255 с. :
Other physical details ил., табл. ;
Dimensions 23 см.
504 ## - BIBLIOGRAPHY, ETC. NOTE
Bibliography, etc. note Библиогр.: с. 217-252
650 14 - SUBJECT ADDED ENTRY--TOPICAL TERM
Topical term or geographic name entry element Плетизмография
General subdivision Методы
-- Диагностическое применение
700 1# - ADDED ENTRY--PERSONAL NAME
Personal name Конради, Г.П.
Relator term ред.
Relationship edt
710 2# - ADDED ENTRY--CORPORATE NAME
Corporate name or jurisdiction name as entry element Институт физиологии им. И.П. Павлова АН СССР
Holdings
Withdrawn status Lost status Damaged status Not for loan Collection Home library Current library Date acquired Total checkouts Full call number Barcode Date last seen Price effective from Koha item type Public note Source of classification or shelving scheme
        General Fundamental Scientific Library Fundamental Scientific Library 19/03/2021   РII/47071 FL0643781 19/03/2021 19/03/2021 Գրքեր / Books 30 Days Loan  
        General Fundamental Scientific Library Fundamental Scientific Library 27/04/2021   PII/48938 FL0645426 27/04/2021 27/04/2021 Գրքեր / Books 30 Days Loan Universal Decimal Classification
        General Fundamental Scientific Library Fundamental Scientific Library 11/05/2021   РII/50876 FL0646033 11/05/2021 11/05/2021 Գրքեր / Books 30 Days Loan  


ՀՀ ԳԱԱ հիմնարար գիտական գրադարան
ՀՀ,Երևան 0019
Մարշալ Բաղրամյան 24/6
հեռախոս:(374-10) 52-47-50
Հետադարձ կապ

All site content, except where otherwise noted, is licensed under a
Creative Commons License